BIM is unstoppable says Paul Morrell (Record no. 113244)

MARC details
000 -LEADER
fixed length control field 00946cad a22002175a 4500
001 - CONTROL NUMBER
control field L154931
008 - FIXED-LENGTH DATA ELEMENTS--GENERAL INFORMATION
fixed length control field 120202s2012 xxk f 000 0 eng d
035 ## - SYSTEM CONTROL NUMBER
System control number (Sirsi) u154931
041 0# - LANGUAGE CODE
Language code of text/sound track or separate title eng
110 2# - MAIN ENTRY--CORPORATE NAME
Corporate name or jurisdiction name as entry element Chartered Institute of Marketing Construction Industry Group
9 (RLIN) 5964
245 00 - TITLE STATEMENT
Title BIM is unstoppable says Paul Morrell
Medium [electronic resource]
260 ## - PUBLICATION, DISTRIBUTION, ETC.
Place of publication, distribution, etc. [S.l.]
Name of publisher, distributor, etc. CIMCIG
Date of publication, distribution, etc. 2012
520 ## - SUMMARY, ETC.
Summary, etc. The CIMCIG Chairman's debate covered Building Information Modelling (BIM) where the government's chief construction adviser explained his vision for a collaborative building industry with the assembled marketing professionals.
590 ## - LOCAL NOTE (RLIN)
Local note KA NTK
650 24 - SUBJECT ADDED ENTRY--TOPICAL TERM
Topical term or geographic name entry element BUILDING INFORMATION MODELLING
650 24 - SUBJECT ADDED ENTRY--TOPICAL TERM
Topical term or geographic name entry element BIM
9 (RLIN) 6219
651 #4 - SUBJECT ADDED ENTRY--GEOGRAPHIC NAME
Geographic name United Kingdom
Chronological subdivision
690 ## - LOCAL SUBJECT ADDED ENTRY--TOPICAL TERM (OCLC, RLIN)
Topical term or geographic name as entry element BIM
9 (RLIN) 6219
856 40 - ELECTRONIC LOCATION AND ACCESS
Uniform Resource Identifier <a href="https://www.cimcig-blog.org/2012/01/bim-is-unstoppable-says-paul-morrell/#more-609">https://www.cimcig-blog.org/2012/01/bim-is-unstoppable-says-paul-morrell/#more-609</a>
Public note View the news item free of charge at www.cimcig.org
942 ## - ADDED ENTRY ELEMENTS (KOHA)
Suppress in OPAC 0
Holdings
Withdrawn status Lost status Source of classification or shelving scheme Damaged status Not for loan Home library Current library Shelving location Date acquired Total Checkouts Full call number Barcode Date last seen Copy number Price effective from Koha item type
    Dewey Decimal Classification     Virtual Virtual Online 02/02/2012   ONLINE PUBLICATION 154931-2001 06/08/2019 1 06/08/2019 Book